Marketing Strategy (Record no. 1542)

MARC details
000 -LEADER
fixed length control field 00420nam a22001697a 4500
005 - DATE AND TIME OF LATEST TRANSACTION
control field 20180821122045.0
008 - FIXED-LENGTH DATA ELEMENTS--GENERAL INFORMATION
fixed length control field 160524b xxu||||| |||| 00| 0 eng d
020 ## - INTERNATIONAL STANDARD BOOK NUMBER
ISBN 0-07-05388-2
041 ## - LANGUAGE CODE
Language code of text/sound track or separate title eng
082 ## - DEWEY DECIMAL CLASSIFICATION NUMBER
Item number 4594
Classification number 658.4012
100 ## - MAIN ENTRY--AUTHOR NAME
Personal name Walkers Orville C.& Others
245 ## - TITLE STATEMENT
Title Marketing Strategy
260 ## - PUBLICATION, DISTRIBUTION, ETC. (IMPRINT)
Place of publication New Delhi
Name of publisher Academic Faundation
300 ## - PHYSICAL DESCRIPTION
Number of Pages 279p,
650 ## - SUBJECT ADDED ENTRY--TOPICAL TERM
Topical Term Management
942 ## - ADDED ENTRY ELEMENTS (KOHA)
Koha item type Books
Holdings
Lost status Damaged status Collection code Home library Current library Shelving location Date acquired Cost, normal purchase price Full call number Accession Number Koha item type
    MANAGEMENT JRU Library JRU Library SHELF-64-N 24/05/2016 255.00 658.4012 4594 Books
    Reference JRU Library   SHELF-30-F 24/05/2016 255.00 658.4012 4595 Books
    MANAGEMENT JRU Library JRU Library SHELF-64-M 24/05/2016 255.00 658.4012 4596 Books
    MANAGEMENT JRU Library JRU Library SHELF-64-M 07/05/2026   4594 658.4012   Books